000 00854nam a2200229Ia 4500
999 _c56577
_d56577
001 23691
003 GE_BSU
005 20260317175822.0
008 181216s2003||||ge |||||||||||||| ||geo||
020 _a5511006033
040 _cGE_BSU
041 _ageo
080 _a63(035.5) ბ-30
100 _aბატიაშვილი, გ.
_927154
245 _aსოფლის მეურნის ცნობარი /
_cგ.გ. ბატიაშვილი ; [რედ. ნ. სურამელი].
264 _aთბილისი :
_bთბილ. უნ-ტის გამ-ბა,
_c2003.
300 _a355 გვ. ;
_c20 სმ.
541 _h8 ლ.
653 _aსოფლის მეურნის ცნობარი
700 _aსურამელი, ნ.
_eრედაქტორი
_927155
942 _cBK
_2udc